La Contractación, la formación y el desarrollo de la carrera en los servicios públicos : Comisión Paritaria del Servicio Público. Tercera reunión, Ginebra, 1983 / Informe preparado por la Oficina Internacional del Trabajo Comisión Paritaria del Servicio Público. Tercera reunión, Ginebra, 1983 / Informe preparado por la Oficina Internacional del Trabajo
ISBN:
92-2-303336-5
Descripción Física:
83 p. ; 24 cm
MARC
| LEADER | 00000nam a2200000Ia 4500 | ||
|---|---|---|---|
| 001 | 18750 | ||
| 008 | 160829s1983 xx 000 0 cat d | ||
| 020 | |a 92-2-303336-5 | ||
| 080 | |a M-5-380 | ||
| 110 | |a Oficina Internacional del Trabajo |9 52371 | ||
| 245 | |a La Contractación, la formación y el desarrollo de la carrera en los servicios públicos : |b Comisión Paritaria del Servicio Público. Tercera reunión, Ginebra, 1983 / Informe preparado por la Oficina Internacional del Trabajo | ||
| 260 | |a Ginebra : |b la Oficina, |c 1983 | ||
| 300 | |a 83 p. ; |c 24 cm | ||
| 650 | |a Administració pública |x Personal |x Administració |9 44637 | ||
| 901 | |a Arxiu | ||
| 942 | |n 1 | ||
| 952 | |0 0 |1 0 |4 0 |6 M5380 |7 1 |9 52063 |a Arxiu |b Arxiu |d 2016-12-01 |l 0 |o M-5-380 |p 18750 |r 2016-12-01 00:00:00 |w 2016-12-01 |y ARXIU | ||
| 999 | |c 55911 |d 55911 | ||